Journey Discography Quiz - Statistics

General Stats
  • This quiz has been taken 20 times
  • The average score is 10 of 14
Answer Stats
Year Album % Correct
1981 Escape
94%
1980 Departure
88%
1978 Infinity
88%
1979 Evolution
82%
1983 Frontiers
82%
1975 Journey
82%
1996 Trial by Fire
76%
2001 Arrival
71%
2011 Eclipse
65%
1986 Raised on Radio
65%
2005 Generations
59%
1976 Look into the Future
59%
1977 Next
59%
2008 Revelation
59%
No matching quizzes found
Score Distribution
Percent of People with Each Score
Percentile by Number Answered
Your Score History
You have not taken this quiz